000
00187nam a2200073Ia 4500
008
170524s9999 xx 000 0 und d
100
_a
SUKLA / PRASHAR / SINGH
245
0
_a
MANAGEMENT CASE STUDIES
260
_b
EXCEL BOOKS
999
_c
8163
_d
8163